MARC

LEADER 00000nam a22000007a 4500
001 28623
003 AGDB
005 20260324181527.0
008 241113b spa||||| |||| 00| 0 cat d
017 |a B 18456-2023 
040 |a agdb  |b cat 
041 |a eng 
110 |a Barcelona (Catalunya : Província).  |b Servei Local de Teleassistència  |9 55974 
240 |a Benestar, cures en la comunitat, convivència i cicle de vida, envelliment actiu  |s [anglès] 
245 |a + Well-being + Care in the community + Coexistence and life cycle + Active ageing 
246 |a Well-being , care in the community, coexistence and life cycle, active ageing 
260 |a Barcelona :   |b Diputació de Barcelona ;   |c 2023 
300 |a 1 quadríptic :   |b il·lustracions color ;   |c 21 x 15 cm 
546 |a També en català (R. 28622). 
650 0 |a Persones grans  |x Atenció domiciliària  |z Barcelona (Catalunya : Província)  |9 50379 
650 0 |a Persones grans  |x Assistència institucional  |z Barcelona (Catalunya : Província)  |9 50382 
655 0 |a Fulletons  |9 55858 
710 |a Barcelona (Catalunya : Província).  |b Àrea de Sostenibilitat Social, Cicle de Vida i Comunitat  |9 70555 
942 |2 udc  |c ARXIU  |n 1 
952 |0 0  |1 0  |4 0  |6 FU7771  |7 1  |9 97535  |a Arxiu  |b Arxiu  |d 2024-11-13  |l 0  |o FU-77-71  |p 28623  |r 2024-11-13 00:00:00  |w 2024-11-13  |y ARXIU 
999 |c 129416  |d 129416